Réponse de M. Louis Barthou, membre de l'Académie française au discours de M. Joseph Bédier, prononcé dans la séance du 3 novembre 1921. (Record no. 30561)

MARC details
000 -LEADER
campo de control de longitud fija 00614nam a2200181 i 4500
001 - NÚMERO DE CONTROL
campo de control 30561
003 - IDENTIFICADOR DE NÚMERO DE CONTROL
campo de control ES-MaACL
005 - FECHA Y HORA DE LA ÚLTIMA TRANSACCIÓN
campo de control 20240116114532.0
007 - CAMPO FIJO DE DESCRIPCIÓN FÍSICA--INFORMACIÓN GENERAL
campo de control de longitud fija t|
008 - DATOS DE LONGITUD FIJA--INFORMACIÓN GENERAL
campo de control de longitud fija 030124s1921 fr ||||1| fre d
100 1# - ENTRADA PRINCIPAL--NOMBRE DE PERSONA
Nombre de persona Barthou, Louis (
Fechas asociadas al nombre 1862-1934)
9 (RLIN) 26135
245 10 - MENCIÓN DEL TÍTULO
Título Réponse de M. Louis Barthou, membre de l'Académie française au discours de M. Joseph Bédier, prononcé dans la séance du 3 novembre 1921.
260 ## - PUBLICACIÓN, DISTRIBUCIÓN, ETC.
Lugar de publicación, distribución, etc. París :
Nombre del editor, distribuidor, etc. Honoré Champion, editeur,
Fecha de publicación, distribución, etc. 1921.
300 ## - DESCRIPCIÓN FÍSICA
Extensión 54 p. ;
Dimensiones 20 cm.
700 1# - ENTRADA AGREGADA--NOMBRE PERSONAL
Nombre de persona Bédier, Joseph,
Fechas asociadas al nombre 1864-1938
9 (RLIN) 26997
852 ## - LOCALIZACIÓN
Ubicación ES-MaACL
Número de control de estantería 1626-F-1
Holdings
Estatus retirado Estado de pérdida Estado de daño No para préstamo Colección Biblioteca de origen Biblioteca actual Ubicación en estantería Fecha de adquisición Fuente de adquisición Total de préstamos Signatura topográfica completa Código de barras Visto por última vez Precio de reemplazo Tipo de ítem Koha
        Colección de folletos Biblioteca del Ateneo de Madrid Biblioteca del Ateneo de Madrid Depósito folletos 17/01/2008     1626-F-1 1031558 23/02/2023 23/02/2023 Folleto